[Event "53rd Women Tournament 2022"]
[Site "Belgrade"]
[Date "2022.04.03"]
[Round "7.5"]
[White "Xu, Yuanyuan"]
[Black "Kovacevic, Radmila"]
[Result "1-0"]
[WhiteElo "2317"]
[BlackElo "2072"]
[Annotator "NA RC"]
[PlyCount "95"]
[EventDate "2022.03.28"]
[EventType "tourn"]
[EventCountry "SRB"]
[SourceTitle "playchess.com"]
[Source "ChessBase"]
[SourceQuality "1"]
[TimeControl "40/5400+30:1800+30"]

1. c4 {[%emt 0:00:04]} Nf6 {[%emt 0:24:17]} 2. Nc3 {[%emt 0:01:54]} c6 {[%emt 0:04:31]} 3. e4 {[%emt 0:08:22]} e5 {[%emt 0:05:06]} 4. Nf3 {[%emt 0:01:27]} Qc7 {[%emt 0:00:29]} 5. d4 {[%emt 0:00:59]} d6 {[%emt 0:02:30]} 6. h3 {[%emt 0:08:08]} Be7 {[%emt 0:02:40]} 7. Be2 {[%emt 0:01:15]} O-O {[%emt 0:00:38]} 8. O-O {[%emt 0:00:09]} a6 {[%emt 0:00:54]} 9. Be3 {[%emt 0:01:10]} b5 {[%emt 0:00:39]} 10. a3 {[%emt 0:01:59]} Nbd7 {[%emt 0:00:30]} 11. Rc1 {[%emt 0:02:24]} Qd8 {[%emt 0:00:58]} 12. Qc2 {[%emt 0:08:07]} Bb7 {[%emt 0:01:01]} 13. Rfd1 {[%emt 0:00:50]} exd4 {[%emt 0:01:00]} 14. Nxd4 {[%emt 0:06:25]} g6 {[%emt 0:00:18]} 15. cxb5 {[%emt 0:03:45]} axb5 {[%emt 0:02:14]} 16. f4 {[%emt 0:00:51]} Qb8 {[%emt 0:00:22]} 17. Bf3 {[%emt 0:01:46]} Rc8 {[%emt 0:00:13]} 18. Qf2 {[%emt 0:02:04]} Bd8 {[%emt 0:01:00]} 19. g4 {[%emt 0:04:38]} Bb6 {[%emt 0:01:26]} 20. g5 {[%emt 0:02:29]} Ne8 {[%emt 0:01:21]} 21. Bg4 {[%emt 0:08:08]} Rc7 {[%emt 0:02:35]} 22. e5 {[%emt 0:02:04]} Nf8 {[%emt 0:01:02]} 23. Bf3 {[%emt 0:11:09]} Qa7 {[%emt 0:03:56]} 24. Rd3 {[%emt 0:05:05]} dxe5 {[%emt 0:06:46]} 25. fxe5 {[%emt 0:00:05]} Ng7 {[%emt 0:00:25]} 26. Ncxb5 {[%emt 0:05:18]} cxb5 {[%emt 0:01:57]} 27. Rxc7 {[%emt 0:00:08]} Bxc7 {[%emt 0:00:15]} 28. Nf5 {[%emt 0:00:29]} Nxf5 {[%emt 0:06:34]} 29. Bxa7 {[%emt 0:00:20]} Bxf3 {[%emt 0:00:06]} 30. Rxf3 {[%emt 0:00:15]} Ne6 {[%emt 0:00:42]} 31. Rxf5 {[%emt 0:05:28]} gxf5 {[%emt 0:00:16]} 32. Bd4 {[%emt 0:00:22]} b4 {[%emt 0:04:15]} 33. axb4 {[%emt 0:02:02]} Rb8 {[%emt 0:00:04]} 34. Bc5 {[%emt 0:02:43]} f4 {[%emt 0:06:29]} 35. Qe2 {[%emt 0:02:26]} Nxg5 {[%emt 0:00:41]} 36. Qg4 {[%emt 0:01:07]} Kh8 {[%emt 0:00:06]} 37. Qxg5 {[%emt 0:01:09]} Rg8 {[%emt 0:00:07]} 38. Qxg8+ {[%emt 0:00:13]} Kxg8 {[%emt 0:00:05]} 39. Bd6 {[%emt 0:00:16]} Bb6+ {[%emt 0:02:35]} 40. Kg2 {[%emt 0:00:01]} Bd4 {[%emt 0:01:31]} 41. b5 {[%emt 0:31:08]} Bb6 {[%emt 0:30:34]} 42. Kf3 {[%emt 0:00:12]} Kg7 {[%emt 0:00:06]} 43. Kxf4 {[%emt 0:00:25]} Kg6 {[%emt 0:00:05]} 44. Ke4 {[%emt 0:00:36]} f5+ {[%emt 0:00:07]} 45. Kf4 {[%emt 0:00:28]} Bd8 {[%emt 0:00:54]} 46. Bc5 {[%emt 0:01:19]} Bg5+ {[%emt 0:00:38]} 47. Kf3 {[%emt 0:00:03]} Kf7 {[%emt 0:00:56]} 48. b6 {[%emt 0:00:23]} 1-0

[Event "53rd Women Tournament 2022"]
[Site "Belgrade"]
[Date "2022.04.04"]
[Round "8.1"]
[White "Chelushkina, Irina"]
[Black "Kovacevic, Radmila"]
[Result "1-0"]
[WhiteElo "2183"]
[BlackElo "2072"]
[Annotator "NA RC"]
[PlyCount "129"]
[EventDate "2022.03.28"]
[EventType "tourn"]
[EventCountry "SRB"]
[SourceTitle "playchess.com"]
[Source "ChessBase"]
[SourceQuality "1"]
[TimeControl "40/5400+30:1800+30"]

1. g3 {[%emt 0:00:01]} g6 {[%emt 0:08:31]} 2. Bg2 {[%emt 0:00:05]} Bg7 {[%emt 0:00:05]} 3. d4 {[%emt 0:00:07]} c5 {[%emt 0:00:14]} 4. d5 {[%emt 0:00:29]} d6 {[%emt 0:00:56]} 5. e4 {[%emt 0:00:30]} e5 {[%emt 0:08:27]} 6. dxe6 {[%emt 0:01:08]} Bxe6 {[%emt 0:02:03]} 7. Ne2 {[%emt 0:00:20]} Nc6 {[%emt 0:00:32]} 8. O-O {[%emt 0:00:12]} Qc7 {[%emt 0:01:57]} 9. Nbc3 {[%emt 0:00:14]} O-O-O {[%emt 0:01:18]} 10. Nf4 {[%emt 0:07:34]} Nf6 {[%emt 0:22:00]} 11. a4 {[%emt 0:03:19]} Kb8 {[%emt 0:01:25]} 12. Nfd5 {[%emt 0:01:40]} Bxd5 {[%emt 0:01:53]} 13. exd5 {[%emt 0:00:06]} Nd4 {[%emt 0:03:44]} 14. Nb5 {[%emt 0:03:28]} Nxb5 {[%emt 0:02:40]} 15. axb5 {[%emt 0:00:02]} h5 {[%emt 0:00:59]} 16. h3 {[%emt 0:00:54]} Bh6 {[%emt 0:02:42]} 17. Bxh6 {[%emt 0:07:34]} Rxh6 {[%emt 0:02:00]} 18. Qf3 {[%emt 0:00:02]} Ng8 {[%emt 0:00:20]} 19. Ra4 {[%emt 0:00:59]} Ne7 {[%emt 0:23:31]} 20. Qxf7 {[%emt 0:04:45]} Qd7 {[%emt 0:00:32]} 21. Re1 {[%emt 0:06:23]} Nc8 {[%emt 0:01:57]} 22. Qxd7 {[%emt 0:00:12]} Rxd7 {[%emt 0:00:09]} 23. Re8 {[%emt 0:00:02]} Re7 {[%emt 0:03:05]} 24. Rg8 {[%emt 0:00:31]} Re1+ {[%emt 0:00:37]} 25. Kh2 {[%emt 0:00:06]} Kc7 {[%emt 0:00:40]} 26. Rf4 {[%emt 0:00:57]} Ne7 {[%emt 0:05:18]} 27. Rg7 {[%emt 0:00:35]} Rh8 {[%emt 0:00:28]} 28. Re4 {[%emt 0:04:26]} Rxe4 {[%emt 0:01:17]} 29. Bxe4 {[%emt 0:00:02]} Kd8 {[%emt 0:00:21]} 30. Bxg6 {[%emt 0:00:05]} Rf8 {[%emt 0:01:17]} 31. Kg2 {[%emt 0:01:37]} h4 {[%emt 0:00:39]} 32. Be4 {[%emt 0:01:01]} hxg3 {[%emt 0:04:53]} 33. fxg3 {[%emt 0:00:20]} Rf6 {[%emt 0:00:00]} 34. h4 {[%emt 0:00:11]} a6 {[%emt 0:00:00]} 35. bxa6 {[%emt 0:00:09]} bxa6 {[%emt 0:00:00]} 36. c4 {[%emt 0:00:11]} a5 {[%emt 0:00:00]} 37. Bc2 {[%emt 0:00:55]} Ke8 {[%emt 0:00:00]} 38. Rh7 {[%emt 0:00:59]} Kf8 {[%emt 0:00:00]} 39. Rh8+ {[%emt 0:00:42]} Kg7 {[%emt 0:00:00]} 40. Ra8 {[%emt 0:00:09]} Ng8 {[%emt 0:00:00]} 41. Ra7+ {[%emt 0:31:18]} Kf8 {[%emt 0:28:33]} 42. Rxa5 {[%emt 0:04:18]} Nh6 {[%emt 0:02:30]} 43. Ra3 {[%emt 0:00:45]} Ng4 {[%emt 0:03:44]} 44. Bd1 {[%emt 0:01:35]} Ne5 {[%emt 0:00:00]} 45. Be2 {[%emt 0:00:00]} Kg7 {[%emt 0:00:00]} 46. Ra7+ {[%emt 0:00:00]} Kh6 {[%emt 0:00:00]} 47. Re7 {[%emt 0:00:00]} Kg6 {[%emt 0:00:00]} 48. b3 {[%emt 0:00:00]} Rf7 {[%emt 0:00:00]} 49. Rxf7 {[%emt 0:00:00]} Kxf7 {[%emt 0:00:00]} 50. g4 {[%emt 0:00:00]} Kf6 {[%emt 0:00:00]} 51. Kg3 {[%emt 0:00:00]} Kf7 {[%emt 0:00:00]} 52. Kf4 {[%emt 0:00:00]} Ng6+ {[%emt 0:00:00]} 53. Kg5 {[%emt 0:00:00]} Ne7 {[%emt 0:00:00]} 54. Bd3 {[%emt 0:00:00]} Kg7 {[%emt 0:00:00]} 55. h5 {[%emt 0:00:00]} Ng8 {[%emt 0:00:00]} 56. Bg6 {[%emt 0:00:00]} Nh6 {[%emt 0:00:00]} 57. Kf4 {[%emt 0:00:00]} Ng8 {[%emt 0:00:00]} 58. g5 {[%emt 0:00:00]} Ne7 {[%emt 0:00:00]} 59. Be4 {[%emt 0:00:00]} Kf7 {[%emt 0:00:00]} 60. h6 {[%emt 0:00:00]} Kf8 {[%emt 0:00:00]} 61. g6 {[%emt 0:00:00]} Kg8 {[%emt 0:00:00]} 62. Kg5 {[%emt 0:00:00]} Kh8 {[%emt 0:00:00]} 63. Bf3 {[%emt 0:00:00]} Nxd5 {[%emt 0:00:00]} 64. g7+ {[%emt 0:00:00]} Kh7 {[%emt 0:00:00]} 65. Be4+ {[%emt 0:00:00]} 1-0

[Event "53rd Women Tournament 2022"]
[Site "Belgrade"]
[Date "2022.04.04"]
[Round "8.2"]
[White "Toncheva, Nadya"]
[Black "Xu, Yuanyuan"]
[Result "0-1"]
[WhiteElo "2207"]
[BlackElo "2317"]
[Annotator "NA RC"]
[PlyCount "42"]
[EventDate "2022.03.28"]
[EventType "tourn"]
[EventCountry "SRB"]
[SourceTitle "playchess.com"]
[Source "ChessBase"]
[SourceQuality "1"]
[TimeControl "40/5400+30:1800+30"]

1. d4 {[%emt 0:00:02]} Nf6 {[%emt 0:00:47]} 2. c4 {[%emt 0:00:04]} e6 {[%emt 0:00:45]} 3. Nc3 {[%emt 0:00:06]} Bb4 {[%emt 0:00:09]} 4. e3 {[%emt 0:00:04]} O-O {[%emt 0:00:11]} 5. Bd3 {[%emt 0:00:05]} d5 {[%emt 0:00:11]} 6. cxd5 {[%emt 0:00:04]} exd5 {[%emt 0:00:08]} 7. Nge2 {[%emt 0:00:04]} Re8 {[%emt 0:00:26]} 8. O-O {[%emt 0:00:31]} Bd6 {[%emt 0:00:45]} 9. Bd2 {[%emt 0:05:27]} b6 {[%emt 0:06:23]} 10. Qc2 {[%emt 0:04:48]} c5 {[%emt 0:04:25]} 11. dxc5 {[%emt 0:02:26]} bxc5 {[%emt 0:00:12]} 12. Ng3 {[%emt 0:07:20]} Nc6 {[%emt 0:09:19]} 13. Bb5 {[%emt 0:13:00]} Bd7 {[%emt 0:03:56]} 14. Rfd1 {[%emt 0:06:32]} Ng4 {[%emt 0:08:23]} 15. Nce2 {[%emt 0:08:23]} Qh4 {[%emt 1:02:00]} 16. h3 {[%emt 0:00:32]} Nxf2 {[%emt 0:00:00]} 17. Bxc6 {[%emt 0:09:16]} Nxh3+ {[%emt 0:00:00]} 18. gxh3 {[%emt 0:00:05]} Bxc6 {[%emt 0:00:00]} 19. Nf5 {[%emt 0:12:31]} Bh2+ {[%emt 0:00:00]} 20. Kf1 {[%emt 0:01:35]} Qxh3+ {[%emt 0:00:00]} 21. Ke1 {[%emt 0:07:13]} Bd7 {[%emt 0:00:00]} 0-1

[Event "53rd Women Tournament 2022"]
[Site "Belgrade"]
[Date "2022.04.04"]
[Round "8.3"]
[White "Grozdanovic, Anastasia"]
[Black "Srdanovic, Jovana"]
[Result "0-1"]
[WhiteElo "2005"]
[BlackElo "2194"]
[Annotator "NA RC"]
[PlyCount "90"]
[EventDate "2022.03.28"]
[EventType "tourn"]
[EventCountry "SRB"]
[SourceTitle "playchess.com"]
[Source "ChessBase"]
[SourceQuality "1"]
[TimeControl "40/5400+30:1800+30"]

1. d4 {[%emt 0:00:02]} d5 {[%emt 0:00:05]} 2. c4 {[%emt 0:00:07]} c6 {[%emt 0:00:04]} 3. Nf3 {[%emt 0:00:05]} Nf6 {[%emt 0:00:05]} 4. Nc3 {[%emt 0:00:05]} dxc4 {[%emt 0:00:07]} 5. a4 {[%emt 0:00:07]} Bf5 {[%emt 0:00:06]} 6. Ne5 {[%emt 0:00:08]} e6 {[%emt 0:00:12]} 7. e3 {[%emt 0:00:12]} Nbd7 {[%emt 0:02:18]} 8. Nxd7 {[%emt 0:03:00]} Qxd7 {[%emt 0:00:34]} 9. Bxc4 {[%emt 0:00:06]} a5 {[%emt 0:02:35]} 10. O-O {[%emt 0:02:32]} Bg6 {[%emt 0:04:33]} 11. Qe2 {[%emt 0:04:01]} Bb4 {[%emt 0:00:25]} 12. Rd1 {[%emt 0:02:53]} O-O {[%emt 0:02:27]} 13. Bd2 {[%emt 0:07:31]} Qe7 {[%emt 0:05:25]} 14. Be1 {[%emt 0:11:01]} Rfd8 {[%emt 0:09:01]} 15. Bd3 {[%emt 0:22:12]} e5 {[%emt 0:34:18]} 16. Bxg6 {[%emt 0:08:46]} hxg6 {[%emt 0:00:17]} 17. dxe5 {[%emt 0:09:01]} Qxe5 {[%emt 0:00:08]} 18. Na2 {[%emt 0:00:52]} Bxe1 {[%emt 0:01:32]} 19. Rxe1 {[%emt 0:00:08]} Ne4 {[%emt 0:08:08]} 20. Rad1 {[%emt 0:00:49]} Rd5 {[%emt 0:03:11]} 21. f3 {[%emt 0:02:16]} Rxd1 {[%emt 0:02:26]} 22. Rxd1 {[%emt 0:00:05]} Nc5 {[%emt 0:00:04]} 23. Nc3 {[%emt 0:26:01]} Re8 {[%emt 0:23:59]} 24. Re1 {[%emt 0:00:00]} Rd8 {[%emt 0:00:00]} 25. Qc2 {[%emt 0:00:00]} g5 {[%emt 0:00:00]} 26. Qe2 {[%emt 0:00:00]} Rd6 {[%emt 0:00:00]} 27. g3 {[%emt 0:00:00]} Qe6 {[%emt 0:00:00]} 28. f4 {[%emt 0:00:00]} Qe7 {[%emt 0:00:00]} 29. f5 {[%emt 0:00:00]} Ne4 {[%emt 0:00:00]} 30. Qc2 {[%emt 0:00:00]} Nxc3 {[%emt 0:00:00]} 31. bxc3 {[%emt 0:00:00]} Qd7 {[%emt 0:00:00]} 32. Re2 {[%emt 0:00:00]} Rd1+ {[%emt 0:00:00]} 33. Kg2 {[%emt 0:00:00]} Rd3 {[%emt 0:00:00]} 34. e4 {[%emt 0:00:00]} c5 {[%emt 0:01:10]} 35. c4 {[%emt 0:00:00]} Qd4 {[%emt 0:00:30]} 36. e5 {[%emt 0:01:08]} Rc3 {[%emt 0:03:26]} 37. Qb1 {[%emt 0:01:56]} Qxc4 {[%emt 0:00:10]} 38. Rd2 {[%emt 0:00:21]} Rc1 {[%emt 0:00:11]} 39. Qd3 {[%emt 0:00:21]} Qxa4 {[%emt 0:01:34]} 40. Qd8+ {[%emt 0:00:32]} Kh7 {[%emt 0:00:04]} 41. Qxg5 {[%emt 0:30:27]} Rc2 {[%emt 0:31:55]} 42. Rxc2 {[%emt 0:00:00]} Qxc2+ {[%emt 0:00:00]} 43. Kh3 {[%emt 0:05:15]} Qd1 {[%emt 0:00:00]} 44. e6 {[%emt 0:00:00]} b5 {[%emt 0:01:30]} 45. Qh4+ {[%emt 0:01:00]} Kg8 0-1

[Event "53rd Women Tournament 2022"]
[Site "Belgrade"]
[Date "2022.04.04"]
[Round "8.4"]
[White "Lu, Miaoyi"]
[Black "Benderac, Ana"]
[Result "0-1"]
[WhiteElo "2182"]
[BlackElo "2180"]
[Annotator "NA RC"]
[PlyCount "102"]
[EventDate "2022.03.28"]
[EventType "tourn"]
[EventCountry "SRB"]
[SourceTitle "playchess.com"]
[Source "ChessBase"]
[SourceQuality "1"]
[TimeControl "40/5400+30:1800+30"]

1. d4 {[%emt 0:00:02]} c5 {[%emt 0:00:55]} 2. d5 {[%emt 0:00:07]} e5 {[%emt 0:00:21]} 3. e4 {[%emt 0:00:37]} d6 {[%emt 0:00:08]} 4. Bd3 {[%emt 0:00:05]} Be7 {[%emt 0:01:17]} 5. Nf3 {[%emt 0:03:30]} Bg4 {[%emt 0:06:18]} 6. h3 {[%emt 0:09:34]} Bh5 {[%emt 0:01:17]} 7. Nbd2 {[%emt 0:07:16]} Nd7 {[%emt 0:03:05]} 8. g4 {[%emt 0:15:18]} Bg6 {[%emt 0:00:12]} 9. h4 {[%emt 0:00:25]} h6 {[%emt 0:04:25]} 10. Qe2 {[%emt 0:03:37]} Ngf6 {[%emt 0:03:19]} 11. h5 {[%emt 0:14:09]} Bh7 {[%emt 0:01:02]} 12. Rg1 {[%emt 0:02:55]} Qa5 {[%emt 0:17:33]} 13. c3 {[%emt 0:01:56]} a6 {[%emt 0:00:20]} 14. a4 {[%emt 0:11:19]} b5 {[%emt 0:01:20]} 15. Nb3 {[%emt 0:03:03]} Qd8 {[%emt 0:00:19]} 16. axb5 {[%emt 0:00:06]} axb5 {[%emt 0:56:39]} 17. Rxa8 Qxa8 {[%emt 0:00:00]} 18. Bxb5 {[%emt 0:00:56]} Bxe4 {[%emt 0:00:00]} 19. c4 {[%emt 0:05:53]} Qa2 {[%emt 0:00:00]} 20. Nfd2 {[%emt 0:05:51]} Bc2 {[%emt 0:00:00]} 21. Rg3 {[%emt 0:00:38]} O-O {[%emt 0:00:00]} 22. Nd4 {[%emt 0:10:16]} cxd4 {[%emt 0:00:00]} 23. Ra3 {[%emt 0:00:03]} d3 {[%emt 0:00:00]} 24. Qe3 {[%emt 0:00:50]} Ra8 {[%emt 0:00:00]} 25. Rxa2 {[%emt 0:00:15]} Rxa2 {[%emt 0:00:00]} 26. Nb3 {[%emt 0:03:48]} Bxb3 {[%emt 0:00:00]} 27. Qxd3 {[%emt 0:00:03]} Nc5 {[%emt 0:00:00]} 28. Qb1 {[%emt 0:00:38]} e4 {[%emt 0:00:00]} 29. f3 {[%emt 0:00:53]} exf3 {[%emt 0:00:00]} 30. g5 {[%emt 0:00:32]} Nfe4 {[%emt 0:00:00]} 31. gxh6 {[%emt 0:00:26]} Bh4+ {[%emt 0:00:00]} 32. Kf1 {[%emt 0:00:05]} Bd1 {[%emt 0:02:48]} 33. h7+ {[%emt 0:00:12]} Kxh7 {[%emt 0:01:16]} 34. Be3 {[%emt 0:00:05]} Be2+ {[%emt 0:00:04]} 35. Kg1 {[%emt 0:00:04]} f2+ {[%emt 0:00:11]} 36. Bxf2 {[%emt 0:00:03]} Bxf2+ {[%emt 0:00:04]} 37. Kg2 {[%emt 0:01:01]} Ra7 {[%emt 0:00:18]} 38. b4 {[%emt 0:00:12]} Nd3 {[%emt 0:00:26]} 39. c5 {[%emt 0:00:54]} Nf4+ {[%emt 0:00:29]} 40. Kh2 {[%emt 0:00:29]} Bg3+ {[%emt 0:00:39]} 41. Kg1 {[%emt 0:30:39]} f5 {[%emt 0:32:00]} 42. Bxe2 {[%emt 0:01:20]} Nxe2+ {[%emt 0:02:00]} 43. Kh1 {[%emt 0:00:00]} dxc5 {[%emt 0:00:00]} 44. bxc5 {[%emt 0:00:00]} Be5 {[%emt 0:00:00]} 45. Kg2 {[%emt 0:00:00]} Nf4+ {[%emt 0:00:00]} 46. Kh2 {[%emt 0:00:00]} Nxh5+ {[%emt 0:00:00]} 47. Kg2 {[%emt 0:00:00]} Nf4+ {[%emt 0:00:00]} 48. Kh2 {[%emt 0:00:00]} Nxd5+ {[%emt 0:00:00]} 49. Kg2 {[%emt 0:00:00]} Nf4+ {[%emt 0:00:00]} 50. Kh2 {[%emt 0:00:00]} Ra6 {[%emt 0:00:00]} 51. c6 {[%emt 0:00:00]} Rxc6 {[%emt 0:00:00]} 0-1

[Event "53rd Women Tournament 2022"]
[Site "Belgrade"]
[Date "2022.04.04"]
[Round "8.5"]
[White "Manakova, Maria"]
[Black "Navrotescu, Andreea"]
[Result "1-0"]
[WhiteElo "2257"]
[BlackElo "2229"]
[Annotator "NA RC"]
[PlyCount "71"]
[EventDate "2022.03.28"]
[EventType "tourn"]
[EventCountry "SRB"]
[SourceTitle "playchess.com"]
[Source "ChessBase"]
[SourceQuality "1"]
[TimeControl "40/5400+30:1800+30"]

1. e4 {[%emt 0:03:34]} e6 {[%emt 0:00:05]} 2. d4 {[%emt 0:00:08]} d5 {[%emt 0:00:06]} 3. Nc3 {[%emt 0:00:22]} Nf6 {[%emt 0:00:14]} 4. e5 {[%emt 0:00:09]} Nfd7 {[%emt 0:00:06]} 5. f4 {[%emt 0:00:09]} c5 {[%emt 0:00:10]} 6. Nf3 {[%emt 0:00:05]} Nc6 {[%emt 0:00:09]} 7. Be3 {[%emt 0:00:10]} Be7 {[%emt 0:00:08]} 8. Qd2 {[%emt 0:00:16]} O-O {[%emt 0:00:34]} 9. O-O-O {[%emt 0:01:07]} c4 {[%emt 0:00:44]} 10. f5 {[%emt 0:01:33]} b5 {[%emt 0:01:16]} 11. f6 {[%emt 0:01:27]} gxf6 {[%emt 0:00:14]} 12. exf6 {[%emt 0:00:38]} Nxf6 {[%emt 0:02:11]} 13. Bh6 {[%emt 0:02:58]} Kh8 {[%emt 0:00:17]} 14. Bxf8 {[%emt 0:01:05]} Qxf8 {[%emt 0:00:56]} 15. Ne5 {[%emt 0:11:50]} Bd7 {[%emt 0:06:27]} 16. Nxd7 {[%emt 0:05:45]} Nxd7 {[%emt 0:00:10]} 17. Kb1 {[%emt 0:04:01]} b4 {[%emt 0:04:52]} 18. Ne2 {[%emt 0:10:09]} c3 {[%emt 0:04:57]} 19. Qf4 {[%emt 0:00:53]} Nb6 {[%emt 0:05:26]} 20. Ng3 {[%emt 0:01:29]} cxb2 {[%emt 0:21:53]} 21. Ba6 {[%emt 0:03:47]} Na4 {[%emt 0:00:46]} 22. Ne2 {[%emt 0:00:34]} Rb8 {[%emt 0:06:49]} 23. Rhf1 {[%emt 0:00:39]} f6 {[%emt 0:07:51]} 24. Rf3 {[%emt 0:06:57]} Na5 {[%emt 0:02:51]} 25. Rh3 {[%emt 0:01:52]} Nc4 {[%emt 0:11:09]} 26. Bxc4 {[%emt 0:00:30]} dxc4 {[%emt 0:00:02]} 27. Qe4 {[%emt 0:00:37]} Qf7 {[%emt 0:03:14]} 28. d5 {[%emt 0:07:53]} exd5 {[%emt 0:01:39]} 29. Rxd5 {[%emt 0:00:20]} Rd8 {[%emt 0:00:05]} 30. Rxd8+ {[%emt 0:03:31]} Bxd8 {[%emt 0:00:01]} 31. Re3 {[%emt 0:00:39]} Kg7 {[%emt 0:02:08]} 32. Qc6 {[%emt 0:19:43]} Nb6 {[%emt 0:00:15]} 33. Nd4 {[%emt 0:00:24]} c3 {[%emt 0:07:31]} 34. Nf5+ {[%emt 0:05:58]} Kg6 {[%emt 0:01:53]} 35. Qe4 {[%emt 0:00:09]} Qc4 {[%emt 0:02:51]} 36. Rg3+ {[%emt 0:00:26]} 1-0

[Event "53rd Women Tournament 2022"]
[Site "Belgrade"]
[Date "2022.04.05"]
[Round "9.1"]
[White "Navrotescu, Andreea"]
[Black "Chelushkina, Irina"]
[Result "1/2-1/2"]
[WhiteElo "2229"]
[BlackElo "2183"]
[Annotator "TA"]
[PlyCount "97"]
[EventDate "2022.03.28"]
[EventType "tourn"]
[EventCountry "SRB"]
[SourceTitle "playchess.com"]
[Source "ChessBase"]
[SourceQuality "1"]
[TimeControl "40/5400+30:1800+30"]

{[%evp 43,97,0,0,0,21,20,17,0,0,0,0,0,0,0,0,0,0,0,0,0,25,0,0,0,0,0,0,0,0,0,0,0,0,0,0,0,0,0,0,0,0,0,0,0,0,0,0,0,0,-8,0,0,0,0,0,0]} 1. c4 {[%emt 0:00:03]} g6 {[%emt 0:01:14]} 2. Nc3 {[%emt 0:00:07]} Bg7 {[%emt 0:00:00]} 3. d4 {[%emt 0:00:20]} d6 {[%emt 0:02:13]} 4. Nf3 {[%emt 0:01:35]} Nd7 {[%emt 0:00:36]} 5. g3 {[%emt 0:00:16]} e6 {[%emt 0:01:34]} 6. Bg2 {[%emt 0:00:12]} Ne7 {[%emt 0:00:05]} 7. e4 {[%emt 0:00:53]} O-O {[%emt 1:28:18]} 8. O-O {[%emt 0:00:10]} a6 {[%emt 0:00:00]} 9. a4 {[%emt 0:02:09]} a5 {[%emt 0:00:00]} 10. Bg5 {[%emt 0:00:40]} h6 {[%emt 0:00:00]} 11. Be3 {[%emt 0:00:12]} Kh7 {[%emt 0:00:00]} 12. Qc2 {[%emt 0:02:29]} Nc6 {[%emt 0:00:00]} 13. Rad1 {[%emt 0:00:37]} Nb4 {[%emt 0:00:00]} 14. Qb1 {[%emt 0:00:40]} Nb6 {[%emt 0:00:00]} 15. b3 {[%emt 0:00:32]} Bd7 {[%emt 0:00:00]} 16. h4 {[%emt 0:04:57]} d5 {[%emt 0:00:00]} 17. c5 {[%emt 0:04:12]} dxe4 {[%emt 0:00:00]} 18. cxb6 {[%emt 0:07:51]} exf3 {[%emt 0:00:00]} 19. Bxf3 {[%emt 0:00:03]} Bc6 {[%emt 0:00:00]} 20. Bxc6 {[%emt 0:03:49]} bxc6 {[%emt 0:00:00]} 21. bxc7 {[%emt 0:06:05]} Qxc7 {[%emt 0:00:00]} 22. Bf4 {[%emt 0:04:20]} Qe7 {[%emt 0:00:00]} 23. h5 {[%emt 0:18:49]} Qf6 {[%emt 0:00:00]} 24. Bd6 {[%emt 0:10:51]} Rfd8 {[%emt 0:00:00]} 25. hxg6+ {[%emt 0:00:42]} (25. Bxb4 {feels hotter.} axb4 26. Ne2 Rd6 27. Kg2) 25... Qxg6 {[%emt 0:00:00]} 26. Qxg6+ {[%emt 0:06:57]} Kxg6 {[%emt 0:00:00]} 27. Bxb4 {[%emt 0:00:11]} axb4 {[%emt 0:00:00]} 28. Ne2 {[%emt 0:00:41]} Rd6 {[%emt 0:00:00]} 29. Rc1 {[%emt 0:04:23]} Bxd4 {[%emt 0:00:00]} 30. Nxd4 {[%emt 0:00:01]} Rxd4 {[%emt 0:00:00]} 31. Rxc6 {[%emt 0:00:10]} Ra5 {[%emt 0:00:00]} 32. Rb6 {[%emt 0:00:54]} Rf5 {[%emt 0:00:00]} 33. Rc1 {[%emt 0:02:15]} h5 {[%emt 0:00:00]} 34. Rc2 {[%emt 0:01:55]} Rf3 {[%emt 0:00:00]} 35. Rb2 {[%emt 0:00:01]} Rc3 {[%emt 0:00:00]} 36. Kg2 {[%emt 0:00:42]} h4 {[%emt 0:00:00]} 37. gxh4 {[%emt 0:00:21]} Rxh4 {[%emt 0:00:00]} 38. a5 {[%emt 0:00:40]} Rg4+ {[%emt 0:00:00]} 39. Kf1 {[%emt 0:00:06]} Rc1+ {[%emt 0:00:00]} 40. Ke2 {[%emt 0:00:02]} Ra1 {[%emt 0:00:00]} 41. a6 {[%emt 0:34:25]} Re4+ {[%emt 0:12:52]} 42. Kf3 {[%emt 0:01:53]} Rh4 {[%emt 0:00:44]} 43. Ke3 {[%emt 0:01:15]} Kf5 {[%emt 0:01:42]} 44. Rb7 {[%emt 0:01:58]} f6 {[%emt 0:02:45]} 45. a7 {[%emt 0:00:03]} e5 {[%emt 0:00:04]} 46. Rd2 {[%emt 0:02:47]} Re4+ {[%emt 0:02:00]} 47. Kf3 {[%emt 0:01:16]} Rf4+ {[%emt 0:00:41]} 48. Ke2 {[%emt 0:00:20]} Re4+ {[%emt 0:00:12]} 49. Kf3 {[%emt 0:00:05]} 1/2-1/2

[Event "53rd Women Tournament 2022"]
[Site "Belgrade"]
[Date "2022.04.05"]
[Round "9.2"]
[White "Benderac, Ana"]
[Black "Manakova, Maria"]
[Result "1/2-1/2"]
[WhiteElo "2180"]
[BlackElo "2257"]
[Annotator "TA"]
[PlyCount "25"]
[EventDate "2022.03.28"]
[EventType "tourn"]
[EventCountry "SRB"]
[SourceTitle "playchess.com"]
[Source "ChessBase"]
[SourceQuality "1"]

{[%evp 15,16,14,15]} 1. d4 e6 2. Nf3 f5 3. c4 Nf6 4. Nc3 d5 5. e3 c6 6. Bd3 Bd6 7. O-O O-O 8. Qc2 Ne4 {[#]} {Predecessor:} 9. b3 $146 {A85: Dutch Defence: 2 c4 Nf6 3 Nc3.} Nd7 10. a4 Qe7 11. Bb2 Ndf6 12. Ne5 Bd7 13. f4 {½-½ (13) Jianu,V (2502)-Lupulescu,C (2571) Bucharest 2006} 1/2-1/2